Contribución al estudio clínico y experimental de la reacción de Loewi / (Record no. 183707)
[ view plain ]
| 000 -LEADER | |
|---|---|
| campo de control de longitud fija | 00592nam a22001691i 4500 |
| 001 - NÚMERO DE CONTROL | |
| campo de control | 183707 |
| 003 - IDENTIFICADOR DE NÚMERO DE CONTROL | |
| campo de control | ES-MaACL |
| 005 - FECHA Y HORA DE LA ÚLTIMA TRANSACCIÓN | |
| campo de control | 20251207063033.0 |
| 008 - DATOS DE LONGITUD FIJA--INFORMACIÓN GENERAL | |
| campo de control de longitud fija | 140929s1914 sp |||| | spa d |
| 100 1# - ENTRADA PRINCIPAL--NOMBRE DE PERSONA | |
| Nombre de persona | Pena y Pérez, Pedro |
| 9 (RLIN) | 155625 |
| 245 10 - MENCIÓN DEL TÍTULO | |
| Título | Contribución al estudio clínico y experimental de la reacción de Loewi / |
| Mención de responsabilidad, etc. | por Pedro Pena y Pérez. |
| 260 ## - PUBLICACIÓN, DISTRIBUCIÓN, ETC. | |
| Lugar de publicación, distribución, etc. | Santiago : |
| Nombre del editor, distribuidor, etc. | [s.n.], |
| Fecha de publicación, distribución, etc. | 1914 ( |
| Fabricante | Tip. de "El Eco de Santiago") |
| 300 ## - DESCRIPCIÓN FÍSICA | |
| Extensión | 32 p., 1 h., 1 lám. ; |
| Dimensiones | 23 cm. |
| 500 ## - NOTA GENERAL | |
| Nota general | Facultad de Medicina de Madrid. |
| 852 ## - LOCALIZACIÓN | |
| Ubicación | ES-MaACL |
| Número de control de estantería | T-1450-F-4 |
| Estatus retirado | Estado de pérdida | Estado de daño | No para préstamo | Colección | Biblioteca de origen | Biblioteca actual | Ubicación en estantería | Fecha de adquisición | Fuente de adquisición | Total de préstamos | Signatura topográfica completa | Código de barras | Visto por última vez | Precio de reemplazo | Tipo de ítem Koha |
|---|---|---|---|---|---|---|---|---|---|---|---|---|---|---|---|
| Colección de folletos | Biblioteca del Ateneo de Madrid | Biblioteca del Ateneo de Madrid | Depósito folletos | 29/09/2014 | T-1450-F-4 | 1193138 | 23/02/2023 | 23/02/2023 | Folleto |
